Pirates Past Noon (Record no. 11706)

MARC details
000 -LEADER
fixed length control field 00252nam a22000977a 4500
008 - FIXED-LENGTH DATA ELEMENTS--GENERAL INFORMATION
fixed length control field 200110b ||||| |||| 00| 0 eng d
020 ## - INTERNATIONAL STANDARD BOOK NUMBER
International Standard Book Number 0590629859
100 ## - MAIN ENTRY--PERSONAL NAME
Personal name Osborne Pope Mary
9 (RLIN) 7376
245 ## - TITLE STATEMENT
Title Pirates Past Noon
260 ## - PUBLICATION, DISTRIBUTION, ETC. (IMPRINT)
Place of publication, distribution, etc. New York
Name of publisher, distributor, etc. Scholastic
Date of publication, distribution, etc. 1996
Holdings
Withdrawn status Lost status Source of classification or shelving scheme Damaged status Koha normalized classification for sorting Not for loan Home library Current library Shelving location Date acquired Total Checkouts Full call number Barcode Date last seen Price effective from Koha item type
    Dewey Decimal Classification   823_000000000000000_JUNLIB   Good Samaritan School Library Good Samaritan School Library FICTION 01/10/2020   823 JUNLIB OSB15757 01/10/2020 01/10/2020 BOOK

Powered by Koha